Normal view
MARC view
- Pumping stations.
Entry Topical Term
001 - CONTROL NUMBER
- control field: 5821
003 - CONTROL NUMBER IDENTIFIER
- control field: NUST
005 - DATE AND TIME OF LATEST TRANSACTION
- control field: 20171101144510.0
008 - FIXED-LENGTH DATA ELEMENTS
- fixed length control field: 171101|| aca||aabn | a|a d
040 ## - CATALOGING SOURCE
- Original cataloging agency: NUST
- Transcribing agency: NUST
150 ## - HEADING--TOPICAL TERM
- Topical term or geographic name entry element: Pumping stations.
670 ## - SOURCE DATA FOUND
- Source citation: Work cat.: (NUST)0: Metcalf & Eddy. 5817, Wastewater engineering :, c1981.
